L'etat dans L'histoire / (Record no. 119758)
[ view plain ]
| 000 -LEADER | |
|---|---|
| fixed length control field | 00486nam a22001577a 4500 |
| 008 - FIXED-LENGTH DATA ELEMENTS--GENERAL INFORMATION | |
| fixed length control field | 140129b xxu||||| |||| 00| 0 eng d |
| 050 ## - LIBRARY OF CONGRESS CALL NUMBER | |
| Classification number | JC11.L655 |
| 100 ## - MAIN ENTRY--PERSONAL NAME | |
| Personal name | Leval, G |
| 9 (RLIN) | 7261 |
| 245 ## - TITLE STATEMENT | |
| Title | L'etat dans L'histoire / |
| Statement of responsibility, etc | G Leval; introduction by F. Iglesias |
| 260 ## - PUBLICATION, DISTRIBUTION, ETC. (IMPRINT) | |
| Place of publication, distribution, etc | Paris |
| Name of publisher, distributor, etc | Editions du Monde Libertaire |
| Date of publication, distribution, etc | 1983 |
| 300 ## - PHYSICAL DESCRIPTION | |
| Extent | 299p. |
| Dimensions | 18cm. |
| 440 ## - SERIES STATEMENT/ADDED ENTRY--TITLE | |
| Title | Bibliotheque Anarchiste |
| 9 (RLIN) | 7262 |
| 650 ## - SUBJECT ADDED ENTRY--TOPICAL TERM | |
| Topical term or geographic name as entry element | State, the |
| General subdivision | History |
| 9 (RLIN) | 7263 |
| 700 ## - ADDED ENTRY--PERSONAL NAME | |
| Personal name | Idlesias, F |
| 9 (RLIN) | 7264 |
| 942 ## - ADDED ENTRY ELEMENTS (KOHA) | |
| Source of classification or shelving scheme | Library of Congress Classification |
| Item type | Monograph ( Printed materials) |
| Withdrawn status | Lost status | Source of classification or shelving scheme | Damaged status | Not for loan | Home library | Current library | Shelving location | Date acquired | Total Checkouts | Full call number | Barcode | Date last seen | Price effective from | Koha item type |
|---|---|---|---|---|---|---|---|---|---|---|---|---|---|---|
| Library of Congress Classification | ARRUPE LIBRARY | ARRUPE LIBRARY | Main Collection | 29/01/2014 | JC11.L655 | 46412171 | 29/06/2018 | 29/01/2014 | Monograph ( Printed materials) |